00761cam a22001934a 4500008004100000020003900041050002200080100002200102245007700124250001200201260006900213300003300282504006600315650003400381650002400415650003200439650004800471650004800519100730s2011 ncua b s001 0 eng  a9780807834510 (cloth : alk. paper)00aN7760 b.J64 20101 aJohnson, Dorothy,10aDavid to Delacroix :bthe rise of romantic mythology /cDorothy Johnson. a1st ed. aChapel Hill [N.C.] :bUniversity of North Carolina Press,c2011. axi, 233 p. :bill. ;c24 cm. aIncludes bibliographical references (p. [193]-226) and index. 0aMythology, Classical, in art. 0aRomanticism in art. 0aPsychology and artzFrance. 0aArt, Frenchy18th centuryxThemes, motives. 0aArt, Frenchy19th centuryxThemes, motives.